راجہ جو کی رمیان بال کنمد / (Record no. 106069)

MARC details
000 -LEADER
fixed length control field 00828nam a22002537a 4500
005 - DATE AND TIME OF LATEST TRANSACTION
control field 20170123162302.0
010 ## - LIBRARY OF CONGRESS CONTROL NUMBER
LC control number B-209333
020 ## - INTERNATIONAL STANDARD BOOK NUMBER
Terms of availability 100.00
International Standard Book Number 8180420949
035 ## - SYSTEM CONTROL NUMBER
System control number B-209333
037 ## - SOURCE OF ACQUISITION
Source of stock number/acquisition Cen Lib/Ret
040 ## - CATALOGING SOURCE
Original cataloging agency DPL
Language of cataloging UR
082 ## - DEWEY DECIMAL CLASSIFICATION NUMBER
Classification number 230.1
Item number رام
100 ## - MAIN ENTRY--PERSONAL NAME
Personal name یونوس اگاصکر
9 (RLIN) 14097
245 ## - TITLE STATEMENT
Title راجہ جو کی رمیان بال کنمد /
Statement of responsibility, etc یونوس اگاصکر
246 ## - VARYING FORM OF TITLE
Title proper/short title Rajaji ki ramayan: baal kaand
Remainder of title by Yunus Asagaskar
260 ## - PUBLICATION, DISTRIBUTION, ETC. (IMPRINT)
Place of publication, distribution, etc نیی دہلی
Name of publisher, distributor, etc ماڈرن پبلشنگ ہاؤس
Date of publication, distribution, etc 2005
270 ## - ADDRESS
Address گولا مارکیٹ دریاگنج
City نیی دہلی
300 ## - PHYSICAL DESCRIPTION
Extent 69p.
Dimensions 21cm(Hb)
650 ## - SUBJECT ADDED ENTRY--TOPICAL TERM
Topical term or geographic name as entry element ہندو مذہب
9 (RLIN) 140111
650 ## - SUBJECT ADDED ENTRY--TOPICAL TERM
Topical term or geographic name as entry element رمیانا
9 (RLIN) 140112
650 ## - SUBJECT ADDED ENTRY--TOPICAL TERM
Topical term or geographic name as entry element Hinduism
9 (RLIN) 140113
650 ## - SUBJECT ADDED ENTRY--TOPICAL TERM
Topical term or geographic name as entry element Ramayana
9 (RLIN) 140114
942 ## - ADDED ENTRY ELEMENTS (KOHA)
Source of classification or shelving scheme Dewey Decimal Classification
Koha item type Urdu Bks
Call number suffix 230.1
Edition
Holdings
Withdrawn status Lost status Damaged status Not for loan Home library Current library Date acquired Source of acquisition Cost, normal purchase price Total Checkouts Full call number Barcode Date last seen Copy number Cost, replacement price Price effective from Koha item type
        Central Library Central Library 20/06/2015 Cen Lib/Ret 100.00   230.1 رام B-209333 20/06/2015 1 100.00 20/06/2015 Urdu Bks

© Delhi Public Library
Hit Counter
free hit counter